In the matter of an application under section 84 of the Law of Property Act 1925 (Record no. 80450)

MARC details
000 -LEADER
fixed length control field 02209cad a22003375a 4500
001 - CONTROL NUMBER
control field L144392
008 - FIXED-LENGTH DATA ELEMENTS--GENERAL INFORMATION
fixed length control field 080716e20080606xxk f v 000 0 eng d
035 ## - SYSTEM CONTROL NUMBER
System control number (Sirsi) u144392
041 0# - LANGUAGE CODE
Language code of text/sound track or separate title eng
245 00 - TITLE STATEMENT
Title In the matter of an application under section 84 of the Law of Property Act 1925
Remainder of title Tillotson
Medium [electronic resource]
260 ## - PUBLICATION, DISTRIBUTION, ETC.
Date of publication, distribution, etc. 2008
520 ## - SUMMARY, ETC.
Summary, etc. See related article catalogued under the reference L145097
520 ## - SUMMARY, ETC.
Summary, etc. [2008] EWLands LP 56 2006, 06 June 2008. The case turned around whether landlords of expensive houses could oppose the development of an exclusive estate. The Tillotsons were granted planning permission to build an additional house on the land of their current home. However, restrictive covenants limited building to just one house per land. The Tillotsons applied to the Lands Tribunal to reject the covenant as invalid or to amend it to allow the building of the extra house. The neighbours opposed this. The tribunal examined whether the covenants gave benefits of such value to the neighbours that a financial compensation would be inadequate. The tribunal concluded that the estate substantially benefited from the restrictions from the covenants. Therefore, these covenants should be maintained as financial compensation would not be adequate to cover for the losses that would otherwise be incurred. "Held": Application rejected. The tribunal felt that the development could not be allowed as it would weaken the exclusivity of the area.
590 ## - LOCAL NOTE (RLIN)
Local note KA
650 24 - SUBJECT ADDED ENTRY--TOPICAL TERM
Topical term or geographic name entry element LAW OF PROPERTY ACT 1925 S84
650 24 - SUBJECT ADDED ENTRY--TOPICAL TERM
Topical term or geographic name entry element SHEPHARD AND OTHERS V TURNER AND ANOTHER
650 24 - SUBJECT ADDED ENTRY--TOPICAL TERM
Topical term or geographic name entry element GILBERT V SPOOR
650 24 - SUBJECT ADDED ENTRY--TOPICAL TERM
Topical term or geographic name entry element SOLARFILMS (SALES) LTDS APPLICATION
650 24 - SUBJECT ADDED ENTRY--TOPICAL TERM
Topical term or geographic name entry element MITMAN-KEAREY'S APPLICATION
650 24 - SUBJECT ADDED ENTRY--TOPICAL TERM
Topical term or geographic name entry element HUNT'S APPLICATION
650 24 - SUBJECT ADDED ENTRY--TOPICAL TERM
Topical term or geographic name entry element LEE'S APPLICATION
650 24 - SUBJECT ADDED ENTRY--TOPICAL TERM
Topical term or geographic name entry element DOBBIN'S APPLICATION
650 24 - SUBJECT ADDED ENTRY--TOPICAL TERM
Topical term or geographic name entry element STANNARD V ISSA
650 24 - SUBJECT ADDED ENTRY--TOPICAL TERM
Topical term or geographic name entry element FELTON HOMES LIMITED'S APPLICATION
650 24 - SUBJECT ADDED ENTRY--TOPICAL TERM
Topical term or geographic name entry element MCMORRIS V BROWN
650 24 - SUBJECT ADDED ENTRY--TOPICAL TERM
Topical term or geographic name entry element BASS LIMITED'S APPLICATION
651 #4 - SUBJECT ADDED ENTRY--GEOGRAPHIC NAME
Geographic name England and Wales
Chronological subdivision 1543-
690 ## - LOCAL SUBJECT ADDED ENTRY--TOPICAL TERM (OCLC, RLIN)
Topical term or geographic name as entry element Block management
9 (RLIN) 6220
856 40 - ELECTRONIC LOCATION AND ACCESS
Uniform Resource Identifier <a href="https://www.bailii.org/ew/cases/EWLands/2008/LP_56_2006.html">https://www.bailii.org/ew/cases/EWLands/2008/LP_56_2006.html</a>
Public note View the case free of charge at www.bailii.org...
942 ## - ADDED ENTRY ELEMENTS (KOHA)
Suppress in OPAC 0
Holdings
Withdrawn status Lost status Source of classification or shelving scheme Damaged status Not for loan Home library Current library Shelving location Date acquired Total Checkouts Full call number Barcode Date last seen Copy number Price effective from Koha item type
    Dewey Decimal Classification     Virtual Virtual Online 16/07/2008   ONLINE PUBLICATION 144392-1001 06/08/2019 1 06/08/2019 Law report